| 000 | 01491 am a2200445 a 4500 | ||
|---|---|---|---|
| 005 | 20231212093345.0 | ||
| 008 | 100315s1996||||ag a f |||| 001 0 spa d | ||
| 020 | _a9509539309 | ||
| 041 | _aspa | ||
| 092 |
_c616.01 _l6 _sBAS |
||
| 100 | 1 |
_aBasualdo, Juan Ángel. _9507 |
|
| 245 |
_aMicrobiología Biomédica. _bBacteriología. Micología. Virología. Parasitología. Inmunología / _cJuan Ángel Basualdo. |
||
| 250 | _a1a ed. | ||
| 260 |
_aBuenos Aires: _bEditorial Atlante; _c1996. |
||
| 300 | _a1188 p. | ||
| 500 | _aBasualdo, J. A., Coto, C. E. y De Torres, R. A. (1996). Microbiología Biomédica. Bacteriología. Micología. Virología. Parasitología. Inmunología. (1a ed.). Buenos Aires : Editorial Atlante. | ||
| 590 | _aEjemplar 2 Inv. 438, ejemplar 3 Inv. 439, ejemplar 8 Inv. 444, ejemplar 11 Inv. 456, ejemplar 14 Inv. 459 no se encuentran en el estante ni en la base. | ||
| 653 | _aGeneralidades | ||
| 653 | _aInmunidad. generalidades | ||
| 653 | _aBateriología especial | ||
| 653 | _aMicología | ||
| 653 | _aVirología | ||
| 653 | _aParasitología | ||
| 653 | _aProtozoos | ||
| 653 | _aHelmindos | ||
| 653 | _aArtropodos | ||
| 653 | _aDiagnóstico coproparasitologico | ||
| 700 | 1 |
_aCoto, Celia E. _9508 |
|
| 700 | 1 |
_aDe Torres, Ramón Alberto. _9509 |
|
| 930 | _a297 | ||
| 930 | _a440 | ||
| 930 | _a441 | ||
| 930 | _a442 | ||
| 930 | _a443 | ||
| 930 | _a445 | ||
| 930 | _a446 | ||
| 930 | _a457 | ||
| 930 | _a458 | ||
| 942 |
_2ddc _cBK |
||
| 999 |
_c112 _d112 |
||